000 00754 a2200229 4500
999 _c9355
_d9355
020 _a9781849460453 (pbk.)
050 0 0 _aKF9201BAN2010
100 1 _aBantekas, Ilias.
245 1 0 _aInternational criminal law /
_cIlias Bantekas.
250 _a[4th ed.]
264 _aOxford:
_bHart Publishing,
_c2010
300 _alxii, 604 p. ;
500 _aincludes index
504 _aIncludes bibliographical references and index.
650 0 _aInternational criminal law.
650 0 _aCriminal jurisdiction.
650 0 _aComplementarity (International law)
650 0 _aInternational crimes
_xLaw and legislation.
650 0 _aInternational crimes.
942 _2lcc
_cBK
_h9201
_iBAN
_kKF